| 000 | 00666nam a2200193 i 4500 | ||
|---|---|---|---|
| 001 | bg | ||
| 245 | 0 | 0 |
_aLosy idei socjalistycznych i wyzwania współczesności : _breferaty i dyskusja / _cpod red. Włodzimierza Wesołowskiego ; Polskie Towarzystwo Współpracy z Klubem Rzymskim. |
| 260 |
_aWarszawa : _bPTWzKR, _c1990. |
||
| 300 |
_a152, [4] s. ; _c21 cm. |
||
| 650 | 9 | _aSocjalizm | |
| 651 | 9 |
_aPolska _xgospodarka _xpolityka |
|
| 655 | _aMateriały konferencyjne | ||
| 700 | 1 |
_aWESOŁOWSKI, Włodzimierz. _eRed. |
|
| 040 | _cBPK | ||
| 041 | 0 | _apl | |
| 080 | _a321.74:141.8:338.22(438)"19"](061.3) | ||
| 942 | _cKS | ||
| 008 | s pl f |000 0 pol | ||
| 999 |
_c32536 _d32536 |
||
| 856 |
_uhttp://koha.tu.koszalin.pl/cgi-bin/koha/opac-detail.pl?biblionumber=32536 _yKatalog online BPK |
||